000 00381nam a22001697a 4500
005 20160620111438.0
008 160620b xxu||||| |||| 00| 0 eng d
020 _a81-203-1252-X
041 _aeng
082 _b8457
100 _aMajumdar, Ramanuj
_91524
245 _aProduct Management in India
260 _bPHI
300 _a342
650 _aManagement
_9241
942 _cBK
999 _c3233
_d3232